Southville International School and Colleges
Your cart is empty.
  • Cart
  • Lists
    Public lists Eva Luna New books Lux_list list_1
    Your lists Log in to create your own lists
  • Log in to your account
  • Your cookies
  • Search history
Southville International School and Colleges
  • Advanced search
  • Recent comments
  • Most popular
  • Libraries

Log in to your account

Log in with GOOGLE


If you do not have an external account, but do have a local account, you can still log in:

  1. Home
  2. MARC view: Guess what? /
Normal view MARC view ISBD view

Guess what? / (Record no. 103356)

[ view plain ]
MARC details
000 -LEADER
fixed length control field 00696nam a2200181 a 4500
005 - DATE AND TIME OF LATEST TRANSACTION
control field 20140412111300.0
008 - FIXED-LENGTH DATA ELEMENTS--GENERAL INFORMATION
fixed length control field 000823s19uu xx 00 eng d
020 ## - INTERNATIONAL STANDARD BOOK NUMBER
International Standard Book Number 0-15-200769-5
050 ## - LIBRARY OF CONGRESS CALL NUMBER
Classification number TR(PS E
Item number Gu93 1995
100 ## - MAIN ENTRY--PERSONAL NAME
Personal name Fox, Mem, 1946-
245 ## - TITLE STATEMENT
Title Guess what? /
Statement of responsibility, etc written by Mem Fox ; illustrated by Vivienne Goodman.
260 ## - PUBLICATION, DISTRIBUTION, ETC. (IMPRINT)
Place of publication, distribution, etc New York :
Name of publisher, distributor, etc Voyager Books/Harcourt Brace & Company,
Date of publication, distribution, etc 1990.
300 ## - PHYSICAL DESCRIPTION
Extent 1 v. (unp.) ; ill.
520 ## - SUMMARY, ETC.
Summary, etc Through a series of questions to which the reader must andwer yes or no, the personality and occupation of a lady called Daisy O'Grady are revealed.
650 ## - SUBJECT ADDED ENTRY--TOPICAL TERM
Topical term or geographic name as entry element Identify-Fiction
650 ## - SUBJECT ADDED ENTRY--TOPICAL TERM
Topical term or geographic name as entry element Questions and answer-Fiction
Holdings
Withdrawn status Lost status Damaged status Home library Current library Shelving location Date acquired Source of acquisition Cost, normal purchase price Total Checkouts Full call number Barcode Date last seen Price effective from Koha item type
      Elizalde Library Elizalde Library Teachers Reference Section 08/23/2000   260.00   TR(PS E Gu93 1995 E4572 04/12/2014 04/12/2014 Books

Guess what? /

APA

Fox M. 1., . (1990). Guess what?. New York: Voyager Books/Harcourt Brace & Company.

Chicago

Fox Mem 1946, . 1990. Guess what?. New York: Voyager Books/Harcourt Brace & Company.

Harvard

Fox M. 1., . (1990). Guess what?. New York: Voyager Books/Harcourt Brace & Company.

MLA

Fox Mem 1946, . Guess what?. New York: Voyager Books/Harcourt Brace & Company. 1990.

  • Place hold
  • Print
  • Cite
  • Add to your cart (remove)
  • Save record
    BIBTEX Dublin Core MARCXML MARC (non-Unicode/MARC-8) MARC (Unicode/UTF-8) MARC (Unicode/UTF-8, Standard) MODS (XML) RIS
  • More searches
    Search for this title in:
    Other Libraries (WorldCat) Other Databases (Google Scholar) Online Stores (Bookfinder.com) Open Library (openlibrary.org)

Exporting to Dublin Core...

SOUTHVILLE LIBRARY

Southville International School and Colleges Library

1281 Tropical Ave. Cor. Luxembourg St., BF Homes International, Las Pinas City

Tel. No. 8256374 / 252358 Loc. 117/146

Powered by Koha